01338nam a22001697a 4500008004100000020001800041050002200059100002600081245010700107250001700214260003100231300002400262500005300286505075700339650003301096700003901129130312s2001 mx ||||| |||| 00| 0 spa d a979970151061214aBF698bF3318 2001 aFadiman, Jameseautor10aTeorías de la personalidadc/ James Fadiman, Robert Frager ; tr. Arturo Aparicio Vázquez...[et al] a2a edición aMéxicob: Oxfordc, 2011 axxvi, 624 páginas aTraducción de: personality and personal growth aSigmud Freud y psicoanálisis Carl Gustav Jung y la psicología analítica Alfred Adler y la psicología individual Anna Freud y los posfreudianos: Melanie Klein, Donald Winnicot, Heinz Kohut y la terapia gestáltica de Fritz y Laura Perls Karen Horney y el psicoanálisis humanista Eric Erikson y el ciclo vital Wilhelm Reich y la psicología somática La psicología femenina: un enfoque relacional William James y la psicología de la conciencia B. F. Skinner y el conductismo radical La teoría de los constructos personales de George Kelly y la psicología cognoscitiva Carl Rogers y la perspectiva centrada en la persona Abraham Maslow y la psicología transpersonal El yoga y la tradición hindú El zen y la tradición budista 10aTEORÍAS DE LA PERSONALIDAD aI. Aparicio Vázquez, Arturo, tr.